1593 1484 1222 1827 1195 1006 1426 1949 1994 1229 1971 1018 1985 1368 1434 1760 1929 1755 1722 1616 1034 1354 1703 1712 1027 1677 1242 1051 1694 1038 1905 1154 1042 1986 1489 1681 1223 1984 1336 1622 1637 1363 1995 1105 1833 1816 1943 1572 1880 1749 1157 1893 1464 1306 1572 1165 1227 1087 1942 1911 1336 1512 1697 1263 1641 1945 1442 1178 1714 1708 1413 1495 1401 1862 1775 1117 1498 1390 1714 1771 1665 1153 1553 1013 1817 1552 1595 1870 1630 1338 1504 1516 1086 1197 1558 1155 1684 1330 1640 BCNSPRNW ULIB Ver.6.0+V

เปลี่ยนเป็นภาษาไทย

Change to English
 แสดงรายละเอียดบรรณานุกรม
  กลับหน้าหลัก

Brief Record : Get Marc (ISO 2709) : E-mail record : QR code < ปิดหน้าต่าง
LEADER : 00000nam 2200000uu 4500
001    13399126105
003     ULIB
008    180606s2558||||th 000 0 tha d
020    ^a9786169136736
060  4 ^aW50^bข347
245 00 ^aขันธ์ 5 :^bวิถีสำหรับหมอแนวพุทธ = Khan 5 : Buddhist way for healers /^cมูลนิธิสาธารณสุขกับการพัฒนา (มสพ.), มูลนิธิพัฒนาการแพทย์แผนไทย (มพท.) ; [กองบรรณาธิการ ประพจน์เภตรากาศ ... และคนอื่น ๆ]
250    ^aพิมพ์ครั้งที่ 1
260    ^aกรุงเทพฯ :^bมูลนิธิสาธารณสุขกับการพัฒนา,^c2558
300    ^a159 หน้า :^bภาพประกอบ
650  7 ^aแพทย์^xแง่ศีลธรรมจรรยา
650  7 ^aขันธ์ 5
650  7 ^aธรรมะ
650  7 ^aการแพทย์^xแง่ศาสนา
650    ^aHealth Sciences Branch
700 0  ^aประพจน์ เภตรากาศ^eบรรณาธิการ
710 2  ^aมูลนิธิสาธารณสุขกับการพัฒนา
710 2  ^aมูลนิธิพัฒนาการแพทย์แผนไทย
945    ^p280^l0^i004127
945    ^p280^l0^i004128
945    ^p280^l0^i004129
945    ^p280^l0^i004130
945    ^p280^l0^i004131
999    ^aประนอม เกษจรัล
รายการนี้ยังไม่มีแท็ก
คุณยังไม่ได้ล็อกอิน คุณสามารถมีกิจกรรมร่วมกับเว็บไซต์ได้ แต่ต้องล็อกอินก่อน ::
  ล็อกอิน

รายการสื่อสารสนเทศ

ลำดับที่ ประเภท เลขเรียก/บาร์โค้ด สถานที่ สถานะ
1. วิทยาศาสตร์การแพทย์ และสุขภาพ
วิทยาศาสตร์การแพทย์ และสุขภาพ
สถานะ=หนังสือเก่า
W50 ข347 ฉ.1 
  Barcode: 004127
ห้องสมุดวิทยาเขตสวรรค์ประชารักษ์
►ส่วนจัดเก็บหนังสือเก่า สปร
บนชั้น
  ขอยืม
2. วิทยาศาสตร์การแพทย์ และสุขภาพ
วิทยาศาสตร์การแพทย์ และสุขภาพ
สถานะ=หนังสือเก่า
W50 ข347 ฉ.2 
  Barcode: 004128
ห้องสมุดวิทยาเขตสวรรค์ประชารักษ์
►ส่วนจัดเก็บหนังสือเก่า สปร
บนชั้น
  ขอยืม
3. วิทยาศาสตร์การแพทย์ และสุขภาพ
วิทยาศาสตร์การแพทย์ และสุขภาพ
สถานะ=หนังสือเก่า
W50 ข347 ฉ.3 
  Barcode: 004129
ห้องสมุดวิทยาเขตสวรรค์ประชารักษ์
►ส่วนจัดเก็บหนังสือเก่า สปร
บนชั้น
  ขอยืม
4. วิทยาศาสตร์การแพทย์ และสุขภาพ
วิทยาศาสตร์การแพทย์ และสุขภาพ
สถานะ=หนังสือเก่า
W50 ข347 ฉ.4 
  Barcode: 004130
ห้องสมุดวิทยาเขตสวรรค์ประชารักษ์
►ส่วนจัดเก็บหนังสือเก่า สปร
บนชั้น
  ขอยืม
5. วิทยาศาสตร์การแพทย์ และสุขภาพ
วิทยาศาสตร์การแพทย์ และสุขภาพ
สถานะ=หนังสือเก่า
W50 ข347 ฉ.5 
  Barcode: 004131
ห้องสมุดวิทยาเขตสวรรค์ประชารักษ์
►ส่วนจัดเก็บหนังสือเก่า สปร
บนชั้น
  ขอยืม

รายการใกล้เคียง
    หัวเรื่อง [ขันธ์ 5]
    หัวเรื่อง [ธรรมะ]
    หัวเรื่อง [Health Sciences Branch]

BibComment


ยังไม่เคยถูกคอมเมนท์

คอมเมนท์ทรัพยากรรายการนี้
  คอมเมนท์: ขันธ์ 5 วิถีสำห..


 Copyright 2026. Bcnsprnw @Library